Statistics for 2001 AFL Premiership Team

Click here to take the quiz!

General Stats

  • This quiz has been taken 32 times
  • The average score is 15 of 24

Answer Stats

HintAnswer% Correct
Premiership TeamBrisbane
94%
WingJason Akermanis
94%
CentreMichael Voss
94%
RoverBrad Scott
90%
Centre Half BackChris Scott
90%
Ruck RoverSimon Black
90%
Full ForwardAlastair Lynch
87%
Centre Half ForwardJonathan Brown
87%
CoachLeigh Matthews
87%
Half Back FlankNigel Lappin
65%
Half Forward FlankShaun Hart
65%
InterchangeMal Michael
52%
Back PocketChris Johnson
48%
RuckClark Keating
48%
Back PocketDarryl White
48%
Forward PocketDaniel Bradshaw
45%
Full BackJustin Leppitsch
45%
Half Forward FlankLuke Power
45%
Forward PocketMartin Pike
42%
InterchangeCraig McRae
39%
Half Back FlankMarcus Ashcroft
39%
InterchangeTim Notting
26%
InterchangeBeau McDonald
23%
WingRobert Copeland
13%

Score Distribution

Percentile by Number Answered

Percent of People with Each Score

Your Score History

You have not taken this quiz